000 00394nam a2200157Ia 4500
003 Ost
005 20260225132540.0
008 260225s9999||||xx |||||||||||||| ||und||
040 _cfsic
041 _afre
082 _a302.23
100 _aJean michel le févre
_eAuteur
245 0 _aSavoir communiquer à l'ére des nouveaux médias /
245 0 _cJean michel le févre
942 _cكتاب
999 _c33487
_d33487